| 000 | 00470nam a22001457a 4500 | ||
|---|---|---|---|
| 005 | 20180726123445.0 | ||
| 020 |
_a8172111649 _c400.00 |
||
| 035 | _aB-120036, B-120035 | ||
| 037 |
_aDPL _bENG |
||
| 100 | _aGhosh, Raghunath | ||
| 245 |
_aFacets of feminism : _bStudies on the concept of woman in Indian tradition / _cby Raghunath Ghosh |
||
| 260 |
_aNew Delhi _bNorthern Book Centre _c2005 |
||
| 300 |
_avi, 118p. _c20 cms. |
||
| 942 |
_2ddc _cEN _h305.4 _mGHO |
||
| 999 |
_c65278 _d65278 |
||